[Event "La Pobla de Lillet op-B 30th"]
[Site "La Pobla de Lillet"]
[Date "2021.08.10"]
[Round "9"]
[White "Toda Adell, Daniel"]
[Black "Escudero Ribo, Eloi"]
[Result "0-1"]
[WhiteElo "1518"]
[BlackElo "1054"]
[PlyCount "58"]
[EventDate "2021.08.02"]
[EventType "swiss"]
[EventRounds "9"]
[EventCountry "ESP"]
[SourceTitle "EXT 2022"]
[Source "ChessBase"]
[SourceDate "2021.10.06"]
[SourceVersion "1"]
[SourceVersionDate "2021.10.06"]
[SourceQuality "1"]

1. e4 c5 2. Nf3 Nc6 3. d4 cxd4 4. Nxd4 g6 5. Nc3 Bg7 6. Nxc6 bxc6 7. Bc4 Qb6 8. Qf3 e6 9. 0-0 Qb4 10. Bb3 Ba6 11. a3 Qb7 12. Rd1 Ne7 13. Na4 Qb5 14. Bg5 Qxg5 15. Nc3 Rd8 16. Rd3 Bxd3 17. cxd3 0-0 18. g3 Qd2 19. Rb1 Bxc3 20. bxc3 Qxc3 21. Bc4 Qxa3 22. h4 Rb8 23. Rd1 d5 24. exd5 cxd5 25. h5 dxc4 26. Qf6 Nd5 27. Qe5 Qc3 28. d4 Qf3 29. h6 Qf6 0-1

[Event "Barcelona La Lira op 38th"]
[Site "Barcelona"]
[Date "2020.01.17"]
[Round "1"]
[White "Toda Adell, Daniel"]
[Black "Ramos Alvarez, Maximo"]
[Result "0-1"]
[WhiteElo "1483"]
[BlackElo "1828"]
[PlyCount "80"]
[EventDate "2020.01.17"]
[EventType "swiss"]
[EventRounds "8"]
[EventCountry "ESP"]
[SourceTitle "CBM 195 Extra"]
[Source "ChessBase"]
[SourceDate "2020.05.31"]
[SourceVersion "1"]
[SourceVersionDate "2020.05.31"]
[SourceQuality "1"]

1. e4 e6 2. d4 d5 3. e5 c5 4. c3 Nc6 5. Nf3 Nh6 6. Bd3 Qb6 7. 0-0 Bd7 8. Bc2 cxd4 9. cxd4 Be7 10. Nc3 Rc8 11. Na4 Qc7 12. Be3 Nxe5 13. Nxe5 Qxc2 14. Nxd7 Qxd1 15. Raxd1 Kxd7 16. Nc5+ Bxc5 17. dxc5 Nf5 18. g4 Ne7 19. f4 h5 20. f5 Rcf8 21. Bd4 hxg4 22. Bxg7 Nxf5 23. Bxh8 Rxh8 24. Rd3 Kc6 25. b4 Rh7 26. Rf4 Rg7 27. Kh1 Rg5 28. Kg1 e5 29. Rf1 e4 30. Ra3 a6 31. Ra5 e3 32. a4 e2 33. Rc1 Nd4 34. Kf2 Rf5+ 35. Kg2 Nb3 36. b5+ axb5 37. axb5+ Kc7 38. Raa1 Nxa1 39. Rxa1 d4 40. Rc1 d3 0-1

[Event "Barcelona La Lira op 35th"]
[Site "Barcelona"]
[Date "2017.02.24"]
[Round "6"]
[White "Toda Adell, Daniel"]
[Black "Ortiz Padro, Pol"]
[Result "1-0"]
[WhiteElo "1630"]
[BlackElo "1292"]
[PlyCount "57"]
[EventDate "2017.01.20"]
[EventType "swiss"]
[EventRounds "8"]
[EventCountry "ESP"]
[SourceTitle "EXT 2018"]
[Source "ChessBase"]
[SourceDate "2017.10.13"]
[SourceVersion "1"]
[SourceVersionDate "2017.10.13"]
[SourceQuality "1"]

1. e4 c5 2. Nf3 a6 3. a4 Nc6 4. Bc4 g6 5. 0-0 Bg7 6. c3 d6 7. d4 cxd4 8. cxd4 Bg4 9. Be3 e6 10. Be2 Bxf3 11. Bxf3 Qb6 12. Nd2 Nxd4 13. Nc4 Nxf3+ 14. gxf3 Qd8 15. Nxd6+ Kf8 16. Nxb7 Qxd1 17. Rfxd1 Ne7 18. Rd7 f5 19. Bc5 Bf6 20. e5 Bh4 21. Rad1 Re8 22. R1d6 Kf7 23. Nd8+ Kg7 24. Nxe6+ Kh6 25. Be3+ g5 26. Nc7+ Kh5 27. Nxe8 Rxe8 28. Re6 g4 29. Rh6# 1-0

[Event "Barcelona La Lira op 35th"]
[Site "Barcelona"]
[Date "2017.02.03"]
[Round "3"]
[White "Martinez Hernandez, Emili"]
[Black "Toda Adell, Daniel"]
[Result "1-0"]
[WhiteElo "1822"]
[BlackElo "1630"]
[PlyCount "55"]
[EventDate "2017.01.20"]
[EventType "swiss"]
[EventRounds "8"]
[EventCountry "ESP"]
[SourceTitle "EXT 2018"]
[Source "ChessBase"]
[SourceDate "2017.10.13"]
[SourceVersion "1"]
[SourceVersionDate "2017.10.13"]
[SourceQuality "1"]

1. d4 d5 2. c4 Nf6 3. Nf3 e6 4. Nc3 Be7 5. e3 0-0 6. Bd3 c6 7. 0-0 Nbd7 8. cxd5 exd5 9. Qc2 Nb6 10. Ne5 Nbd7 11. f4 c5 12. Nxd7 Bxd7 13. dxc5 Bxc5 14. Nxd5 Rc8 15. Nxf6+ Qxf6 16. Bxh7+ Kh8 17. Qd1 Rfd8 18. Qh5 Qh6 19. Qxh6 gxh6 20. Be4 Bb5 21. Rf3 Bc6 22. Bxc6 Rd1+ 23. Kf2 Rxc6 24. b4 Bxb4 25. Bb2+ Kh7 26. Rxd1 Rc2+ 27. Kg3 Rxb2 28. Rf2 1-0

[Event "Barcelona Primavera La Lira op 9th"]
[Site "Barcelona"]
[Date "2016.05.19"]
[Round "7"]
[White "Toda Adell, Daniel"]
[Black "Berengeno Vierge, Rodolfo"]
[Result "1-0"]
[WhiteElo "1700"]
[BlackElo "1680"]
[PlyCount "71"]
[EventDate "2016.04.07"]
[EventType "swiss"]
[EventRounds "9"]
[EventCountry "ESP"]
[SourceTitle "CBM 172 Extra"]
[Source "ChessBase"]
[SourceDate "2016.06.21"]
[SourceVersion "1"]
[SourceVersionDate "2016.06.21"]
[SourceQuality "1"]

1. e4 e6 2. d4 d5 3. e5 c5 4. Nf3 Qb6 5. Be2 Nc6 6. c3 a5 7. 0-0 Nh6 8. a3 cxd4 9. cxd4 Nf5 10. Qa4 Bd7 11. Bb5 Nxe5 12. Bxd7+ Nxd7 13. Re1 Qc6 14. Qb3 Be7 15. Bf4 0-0 16. Rc1 Qa6 17. Rc7 Nb6 18. Nc3 Bd6 19. Bxd6 Nxd6 20. a4 Rfc8 21. Rxc8+ Rxc8 22. Ne5 Nbc4 23. Nb5 Nxb5 24. axb5 Qb6 25. Nf3 Nd6 26. h3 h6 27. Qa4 Rc4 28. Qxa5 Qxb5 29. Qd8+ Ne8 30. Ra8 Kf8 31. Qd6+ Kg8 32. Qe7 Kh7 33. Rxe8 Qb6 34. Qxf7 Rc1+ 35. Kh2 Qd6+ 36. Ne5 1-0

[Event "Barcelona Primavera La Lira op 9th"]
[Site "Barcelona"]
[Date "2016.05.12"]
[Round "6"]
[White "Tortosa Moros, Joan"]
[Black "Toda Adell, Daniel"]
[Result "1/2-1/2"]
[WhiteElo "1792"]
[BlackElo "1700"]
[PlyCount "70"]
[EventDate "2016.04.07"]
[EventType "swiss"]
[EventRounds "9"]
[EventCountry "ESP"]
[SourceTitle "CBM 172 Extra"]
[Source "ChessBase"]
[SourceDate "2016.06.21"]
[SourceVersion "1"]
[SourceVersionDate "2016.06.21"]
[SourceQuality "1"]

1. e4 e5 2. Nf3 Nc6 3. Bb5 Nf6 4. d3 Nd4 5. Nxd4 exd4 6. 0-0 c6 7. Bc4 d5 8. exd5 Nxd5 9. Re1+ Be6 10. c3 Be7 11. cxd4 0-0 12. Nc3 Nc7 13. Be3 b5 14. Bb3 Bb4 15. a3 Ba5 16. Rc1 Nd5 17. Bxd5 Bxd5 18. b4 Bc7 19. Nxd5 Qxd5 20. Qc2 Rac8 21. Qc5 Bb6 22. Qxd5 cxd5 23. Kf1 h6 24. g3 Rfe8 25. h4 f6 26. Kg2 Kf7 27. Kf3 Red8 28. h5 Re8 29. Kg4 Rg8 30. Kf5 Rge8 31. g4 Red8 32. Kf4 Re8 33. Kf5 Red8 34. Kf4 Re8 35. Kf5 Red8 1/2-1/2

[Event "Barcelona Primavera La Lira op 9th"]
[Site "Barcelona"]
[Date "2016.04.28"]
[Round "4"]
[White "Cabrera Marmol, Manel"]
[Black "Toda Adell, Daniel"]
[Result "1/2-1/2"]
[WhiteElo "1768"]
[BlackElo "1700"]
[PlyCount "52"]
[EventDate "2016.04.07"]
[EventType "swiss"]
[EventRounds "9"]
[EventCountry "ESP"]
[SourceTitle "CBM 172 Extra"]
[Source "ChessBase"]
[SourceDate "2016.06.21"]
[SourceVersion "1"]
[SourceVersionDate "2016.06.21"]
[SourceQuality "1"]

1. e4 e5 2. d4 c6 3. dxe5 Qa5+ 4. Nc3 Qxe5 5. Nf3 Qc7 6. Bc4 h6 7. 0-0 d6 8. e5 d5 9. Bb3 Be6 10. Bf4 Ne7 11. Nd4 Qc8 12. Re1 Nd7 13. Nxe6 fxe6 14. Qh5+ g6 15. Qg4 Nc5 16. Ne2 Qd7 17. Be3 h5 18. Qh3 Nf5 19. Nf4 Qf7 20. Bxc5 Bxc5 21. Nd3 Bb6 22. a4 a6 23. a5 Ba7 24. Ra4 g5 25. Nb4 Nd4 26. Nd3 g4 1/2-1/2

[Event "Barcelona Primavera La Lira op 9th"]
[Site "Barcelona"]
[Date "2016.04.21"]
[Round "3"]
[White "Toda Adell, Daniel"]
[Black "Minos Constante, Pablo"]
[Result "0-1"]
[WhiteElo "1700"]
[BlackElo "1820"]
[PlyCount "144"]
[EventDate "2016.04.07"]
[EventType "swiss"]
[EventRounds "9"]
[EventCountry "ESP"]
[SourceTitle "CBM 172 Extra"]
[Source "ChessBase"]
[SourceDate "2016.06.21"]
[SourceVersion "1"]
[SourceVersionDate "2016.06.21"]
[SourceQuality "1"]

1. e4 c5 2. Nf3 Nc6 3. Nc3 d6 4. d4 cxd4 5. Nxd4 Nf6 6. Be2 e6 7. a3 Be7 8. 0-0 0-0 9. h3 e5 10. Nf3 h6 11. Be3 Be6 12. Qd2 d5 13. exd5 Nxd5 14. Rfd1 Nxe3 15. Qxe3 Qc7 16. Nd5 Bxd5 17. Rxd5 Bf6 18. c3 Rfd8 19. Rad1 a6 20. h4 Rxd5 21. Rxd5 Rd8 22. Qe4 Rxd5 23. Qxd5 Ne7 24. Qe4 Qc6 25. Bd3 Qxe4 26. Bxe4 b6 27. g4 g6 28. b4 Kf8 29. a4 a5 30. Kf1 Ke8 31. Ke2 Nc8 32. Nd2 Nd6 33. h5 gxh5 34. gxh5 Kd7 35. b5 Bg5 36. Bc6+ Kc7 37. f3 f5 38. Bd5 Kd7 39. c4 Ne8 40. Kd3 Kd6 41. Nb3 Nc7 42. Bg8 Bf6 43. Bf7 Be7 44. Bg8 Ne6 45. Bxe6 Kxe6 46. Ke3 Kf6 47. Kd3 Kg5 48. c5 Bd8 49. Kc4 e4 50. fxe4 fxe4 51. c6 e3 52. Kd3 Kxh5 53. Kxe3 Kg4 54. Nd4 Bg5+ 55. Kf2 Bf4 56. c7 Bxc7 57. Ne6 Bd6 58. Kg2 Kf5 59. Nd4+ Ke4 60. Nc6 Kd3 61. Kf3 Kc3 62. Ke4 Kb3 63. Kd5 Bc5 64. Nxa5+ Kxa4 65. Nb7 Kxb5 66. Nd8 h5 67. Ke4 h4 68. Kf3 Kc4 69. Ne6 b5 70. Nf4 b4 71. Ne2 b3 72. Kg4 b2 0-1

[Event "Barcelona Primavera La Lira op 9th"]
[Site "Barcelona"]
[Date "2016.04.07"]
[Round "1"]
[White "Toda Adell, Daniel"]
[Black "Pascual Gonzalez, Novelles Carle"]
[Result "0-1"]
[WhiteElo "1700"]
[BlackElo "1839"]
[PlyCount "65"]
[EventDate "2016.04.07"]
[EventType "swiss"]
[EventRounds "9"]
[EventCountry "ESP"]
[SourceTitle "CBM 172 Extra"]
[Source "ChessBase"]
[SourceDate "2016.06.21"]
[SourceVersion "1"]
[SourceVersionDate "2016.06.21"]
[SourceQuality "1"]

1. e4 e6 2. d4 d5 3. e5 c5 4. Nf3 Nc6 5. Bf4 Qb6 6. Bc1 cxd4 7. Bd3 Nge7 8. 0-0 Ng6 9. Re1 Qc7 10. Bb5 Bb4 11. Bd2 Bc5 12. b4 Be7 13. a3 Bd7 14. c3 d3 15. c4 dxc4 16. Bc3 Nb8 17. Bxd7+ Nxd7 18. Qd2 0-0 19. Re4 b5 20. Qe3 Nb6 21. Bd4 Nd5 22. Qd2 Qc6 23. Re1 a5 24. Nc3 axb4 25. Nxd5 Qxd5 26. axb4 Rxa1 27. Rxa1 Ra8 28. Qb2 Nf4 29. Rxa8+ Qxa8 30. h3 Qa4 31. Bc5 Bxc5 32. bxc5 Ne2+ 33. Kh2 0-1